000 00665nam a22002417a 4500
001 0074
003 DO-SdBNP
005 20171213111513.0
007 0074
008 151113b sp 19--? xxu||||| |||| 00| 0 spa d
020 _a9788430571406
040 _aBPMSU
_bspa
_cBPMSU
092 _axxxxxxxx
_bxxxxxxx
100 1 0 _aDickens, Charles,
_d1812-1870
245 1 0 _aAños felices de la pequeña Dorrit /
_cCharles Dickens
260 _aEspaña :
_bSusaeta,
_c19--?
300 _a168 p. :
_bil.,
_c19 cm.
490 1 0 _aSaeta junior
_v22
830 0 0 _aSaeta junior
_n22
942 _2ddc
_cBK
945 _aInventariado extranjero 2017/ YL
956 _aBrenda Tavárez
999 _c8711
_d8711